An assessment of industrial activity in the field of biomedical engineering.

Saved in:
Bibliographic Details
Corporate Author: National Academy of Engineering. Task Group on Industrial Activity
Format: Book
Language:English
Published: Washington, National Academy of Engineering, 1971.
Subjects:
LEADER 00935nam a2200241 4500
001 c000035019
003 CARM
005 00000000000000.0
008 711221s1971 dcuk b 00000 eng
019 1 |a 107057  |5 LACONCORD2021 
020 |a 0309019257 
035 |a (OCoLC)222469  |5 LACONCORD2021 
050 0 0 |a R856  |b .N32 
110 2 0 |a National Academy of Engineering.  |b Task Group on Industrial Activity. 
245 1 3 |a An assessment of industrial activity in the field of biomedical engineering. 
260 |a Washington,  |b National Academy of Engineering,  |c 1971. 
300 |a xiv, 145 p.  |b forms.  |c 23 cm. 
504 |a Bibliography: p. 145. 
650 0 |a Biomedical engineering. 
852 8 |b CARM  |h A2:AD32F0  |i B00024  |p 0000906  |f BK 
082 0 4 |a 610/.28 
999 f f |i 10524aa6-d09e-5931-9837-72bcd2c7dd1a  |s e46d0c5f-976f-5ee8-8771-c44deb15cedf 
952 f f |p Can circulate  |a CAVAL  |b CAVAL  |c CAVAL  |d CARM 1 Store  |e B00024  |f A2:AD32F0  |h Other scheme  |i book  |m 0000906